000 00706nam a22001937a 4500
999 _c175226
_d175226
005 20200818142001.0
010 _aENG-128346
020 _c799.00
_a9789353945305
035 _aEN-111878
037 _bDBAD/PUB
082 _a510.76
100 _aSinha, Nishit K.
245 _aQuantitative Aptitude for CAT/
_cby Nitish K. Sinha
_bAlso useful for other MBA entrance examinations like SNAP, XAT and IIFT:
250 _a5th ed.
260 _aNew Delhi
_bPearson
_c2021
270 _a15th floor,Tower-B,Word Trade Tower,Plot no.1,Block-C sec 16,
_bNoida
_e201301
_k04466540100
_mcompanysecretary.india@pearson.com
300 _avarious pages.
_c25cm(pbk)
942 _2ddc
_cEN
_h510.76
_mSIN